Valuation of woodlands (Record no. 121412)

MARC details
000 -LEADER
fixed length control field 01361cam a22002895a 4500
005 - DATE AND TIME OF LATEST TRANSACTION
control field 20260514154116.0
008 - FIXED-LENGTH DATA ELEMENTS--GENERAL INFORMATION
fixed length control field 230330s2023 xxk fo 000 0 eng d
020 ## - INTERNATIONAL STANDARD BOOK NUMBER
International Standard Book Number 9781783214969
041 0# - LANGUAGE CODE
Language code of text/sound track or separate title eng
050 04 - LIBRARY OF CONGRESS CALL NUMBER
Classification number 333.332
110 2# - MAIN ENTRY--CORPORATE NAME
Corporate name or jurisdiction name as entry element Royal Institution of Chartered Surveyors
9 (RLIN) 4900
245 00 - TITLE STATEMENT
Title Valuation of woodlands
Medium [Electronic resource]
250 ## - EDITION STATEMENT
Edition statement 2nd
260 ## - PUBLICATION, DISTRIBUTION, ETC.
Place of publication, distribution, etc. London,
Name of publisher, distributor, etc. Royal Institution of Chartered Surveyors,
Date of publication, distribution, etc. March 2023
300 ## - PHYSICAL DESCRIPTION
Extent 48p
Other physical details ill.
Dimensions 30cm.
490 #0 - SERIES STATEMENT
Series statement RICS Professional Standard
505 2# - FORMATTED CONTENTS NOTE
Formatted contents note Effective from 1 June 2023
520 ## - SUMMARY, ETC.
Summary, etc. This professional standard outlines the bases of value that can be utilised depending on the purpose of the valuation. It also allows our professionals to maintain and enhance their specialist knowledge and ensure they are best placed to deliver on client demand to understand the value of woodland and forestry assets. This professional standard is applicable to the UK
520 ## - SUMMARY, ETC.
Summary, etc. Replaces 1st edition ISBN 9781842196229
520 ## - SUMMARY, ETC.
Summary, etc. Effective from 1 June 2023
651 #4 - SUBJECT ADDED ENTRY--GEOGRAPHIC NAME
Geographic name United Kingdom
654 ## - SUBJECT ADDED ENTRY--FACETED TOPICAL TERMS
Focus term Forests
654 ## - SUBJECT ADDED ENTRY--FACETED TOPICAL TERMS
Focus term Woodlands
690 ## - LOCAL SUBJECT ADDED ENTRY--TOPICAL TERM (OCLC, RLIN)
Topical term or geographic name as entry element Valuation
9 (RLIN) 6273
856 41 - ELECTRONIC LOCATION AND ACCESS
Uniform Resource Identifier <a href="https://www.rics.org/content/dam/ricsglobal/documents/standards/Valuation%20of%20woodlands%20and%20forests%202nd%20edition_March%202023.pdf">https://www.rics.org/content/dam/ricsglobal/documents/standards/Valuation%20of%20woodlands%20and%20forests%202nd%20edition_March%202023.pdf</a>
Public note View free on RICS.org
942 ## - ADDED ENTRY ELEMENTS (KOHA)
Suppress in OPAC 0
Source of classification or shelving scheme Dewey Decimal Classification
Holdings
Withdrawn status Lost status Source of classification or shelving scheme Damaged status Not for loan Home library Current library Shelving location Date acquired Total Checkouts Full call number Date last seen Price effective from Koha item type
    Dewey Decimal Classification     Virtual Virtual Online 30/03/2023   ONLINE PUBLICATION 30/03/2023 30/03/2023 Online material